It looks like you're offline.
Open Library logo
additional options menu

MARC record from Internet Archive

LEADER: 01360cam a22003257a 4500
001 00298347
003 DLC
005 20150813073332.0
008 990511s1999 sw 000 0 eng d
010 $a 00298347
020 $a9171064451
035 $a(OCoLC)ocm41387865
040 $aUKM$cUKM$dCUS$dDLC
042 $alccopycat
043 $af-rh---
050 00 $aRA407.5.Z55$bG35 1999
082 00 $a362.1096891$222
100 1 $aGaidzanwa, Rudo B.,$d1957-
245 10 $aVoting with their feet :$bmigrant Zimbabwean nurses and doctors in the era of structural adjustment /$cRudo Gaidzanwa.
246 30 $aMigrant Zimbabwean nurses and doctors in the era of structural adjustment
260 $aUppsala :$bNordiska Afrikainstitutet ;$aSomerset, NJ :$bDistributor in North America, Transaction Publishers,$c1999.
300 $a84 p. ;$c21 cm.
490 1 $aResearch report / Nordiska Afrikainstitutet ;$vno. 111
500 $a"A report from the research programme The Political and Social Context of Strucural Adjustment in Africa"--Cover.
504 $aIncludes bibliographical references (p. 83-84).
650 0 $aPublic health$zZimbabwe.
650 0 $aMedical personnel$zZimbabwe.
650 0 $aMedical policy$zZimbabwe.
650 0 $aStructural adjustment (Economic policy)$zZimbabwe.
830 0 $aResearch report (Nordiska Afrikainstitutet) ;$vno. 111.